Lord of the Rings: Tom Bombadil's rhyme - Statistics

General Stats
  • This quiz has been taken 26 times
    13 since last reset
  • The average score is 4 of 8
Answer Stats
Answer % Correct
Ho! Tom Bombadil, Tom {Bombadillo}!
80%
Old Tom Bombadil is a {merry} fellow,
80%
{Bright} blue his jacket is, and his boots are yellow.
70%
None has ever caught him yet, for Tom, he is the {Master};
60%
Come, Tom Bombadil, for our {need} is near us!
50%
By water, wood and hill, by {reed} and willow,
40%
By {fire}, sun and moon, harken now and hear us!
10%
His songs are {stronger} songs, and his feet are faster.
10%
No matching quizzes found
Score Distribution
Percent of People with Each Score
Percentile by Number Answered
Your Score History
You have not taken this quiz since the last reset